|
|
|
|
| LEADER |
00000cam a2200000 a 4500 |
| 001 |
vtls008319501 |
| 003 |
SK-MaSNL |
| 005 |
20260426004853.0 |
| 008 |
181128s1963 xo grb n 001 0 slo |
| 015 |
|
|
|a SNBA1964/02-00293
|
| 015 |
|
|
|a SNBSAB1963
|
| 020 |
|
|
|q (brožované)
|
| 035 |
|
|
|a SK01SNK19640011718
|
| 035 |
|
|
|a SKM000014181
|
| 040 |
|
|
|a SNK
|b slo
|c SNK
|e AACR2
|
| 041 |
0 |
|
|a slo
|
| 043 |
|
|
|a e-xo---
|
| 044 |
|
|
|a xo
|c SK
|
| 080 |
|
|
|a 33
|2 2011
|
| 080 |
|
|
|a 378.245
|2 2011
|
| 080 |
|
|
|a 378.2
|2 2011
|
| 080 |
|
|
|a (437.6)
|2 2011
|
| 080 |
|
|
|a (01)-048.58
|2 2011
|
| 080 |
|
|
|a (075)
|2 2011
|
| 245 |
0 |
0 |
|a Ekonomické dizertačné práce na Slovensku
|b 1962/1963
|c zostavil B. Procházka
|
| 250 |
|
|
|a Prvé vydanie
|
| 260 |
|
|
|a Bratislava
|b Slovenské pedagogické nakladateľstvo
|c 1963
|e Bratislava
|f Západoslovenské tlačiarne 42
|
| 300 |
|
|
|a 19 strán, 277 záznamov
|c 21 cm
|
| 366 |
|
|
|e 340 kusov
|
| 490 |
1 |
|
|a Ekonomické aktuality. Bibliografický zpravodaj
|v 1963, č. 1
|
| 500 |
|
|
|a Vydal rektorát Vysokej školy ekonomickej v Bratislave
|
| 500 |
|
|
|a Názov z obálky
|
| 504 |
|
|
|a Bibliografia obsahuje 277 záznamov ; autorský register menný ; vecný register
|
| 521 |
|
|
|a Pre internú potrebu
|
| 648 |
|
7 |
|a 1962-1963
|2 SNKPH
|9 470094
|
| 650 |
0 |
7 |
|a ekonomika
|2 SNKPH
|9 789
|
| 650 |
0 |
7 |
|a habilitačné práce
|2 SNKPH
|9 57731
|
| 650 |
0 |
7 |
|a dizertácie
|2 SNKPH
|9 4040
|
| 650 |
0 |
7 |
|a diplomové práce
|2 SNKPH
|9 3505
|
| 651 |
|
7 |
|a Slovensko
|2 SNKPHgeo
|9 14231
|
| 655 |
|
7 |
|a výberové bibliografie
|2 SNKPH
|9 70561
|
| 655 |
|
7 |
|a učebné texty
|2 SNKPH
|9 70568
|
| 700 |
1 |
|
|a Procházka, Boris,
|d 1929-
|4 com
|9 230101
|
| 710 |
2 |
|
|a Vysoká škola ekonomická v Bratislave.
|b Rektorát
|4 pbl
|9 178980
|
| 810 |
2 |
|
|a Ústredná ekonomická knižnica (Bratislava, Slovensko).
|t Ekonomické aktuality
|p Bibliografický zpravodaj
|9 348204
|
| 958 |
|
|
|a RM
|
| 958 |
|
|
|a RK
|
| 958 |
|
|
|a SF
|
| 958 |
|
|
|a NB
|
| 958 |
|
|
|a OND
|
| 999 |
|
|
|c 992838
|d 994768
|
| 952 |
|
|
|a SNK
|b SNK
|y PREZ
|7 0
|p 17A0881407
|o snkSC 17574/1962-63
|i snkKSP 327/64
|0 0
|1 0
|4 0
|d 2020-10-02
|f 2
|l 0
|r 2025-07-25 00:00:00
|w 2026-02-24
|